| 000 | 00752cam a22002533a 4500 | ||
|---|---|---|---|
| 001 | 7324 | ||
| 003 | PGUSA | ||
| 005 | 20140828083143.0 | ||
| 008 | 050101s2005||||xxu|||||s|||||000 | eng d | ||
| 040 |
_aPGUSA _beng |
||
| 042 | _adc | ||
| 050 | 4 | _aDU | |
| 100 | 1 |
_aBanfield, E. J. _q(Edmund James), _d1852-1923 |
|
| 245 | 1 | 0 |
_aTropic Days _h[electronic resource] / _cE. J. Banfield |
| 260 |
_bProject Gutenberg, _c2005 |
||
| 506 | _aPublic domain in the USA. | ||
| 516 | _aElectronic text | ||
| 653 | _aDunk Island (Qld.) | ||
| 653 | _aNatural history -- Australia -- Queensland | ||
| 653 | _aAboriginal Australians -- Government relations | ||
| 830 | 0 |
_aProject Gutenberg _v7324 |
|
| 856 | 4 | 0 | _uhttp://www.gutenberg.org/ebooks/7324 |
| 942 | _cEB | ||
| 999 |
_c236644 _d236644 |
||